Catálogo

Vista normal Vista MARC

Entrada Personal Name

Número de registros utilizados en: 2

001 - CONTROL NUMBER

  • control field: 10997

003 - CONTROL NUMBER IDENTIFIER

  • control field: DLC

005 - DATE AND TIME OF LATEST TRANSACTION

  • control field: 20200917123723.0

008 - FIXED-LENGTH DATA ELEMENTS

  • fixed length control field: 831005n| acannaab |a aaa

010 ## - LIBRARY OF CONGRESS CONTROL NUMBER

  • LC control number: n 83183019
  • Canceled/invalid LC control number: nb 99089484

040 ## - CATALOGING SOURCE

  • Original cataloging agency: DLC
  • Transcribing agency: Mx-PuUPA
  • Modifying agency: DLC
  • Modifying agency: Mx-PuUPA
  • Language of cataloging: spa
  • Description conventions: rda

100 1# - HEADING--PERSONAL NAME

  • Personal name: Echeverría, Rafael,

374 ## - OCCUPATION

  • Occupation: Autor

375 ## - GENDER

  • Gender: hombre

377 ## - ASSOCIATED LANGUAGE

  • Language code: spa

400 1# - SEE FROM TRACING--PERSONAL NAME

  • Personal name: Echeverría, R.
  • Fuller form of name: (Rafael)

670 ## - SOURCE DATA FOUND

  • Source citation: His Evolución de la matrícula en Chile, 1935-1981, 1982:
  • Information found: t.p. (Rafael Echeverría) first prelim. p. (Dr.)

670 ## - SOURCE DATA FOUND

  • Source citation: LC data base, 9/29/83
  • Information found: (hdg.: Echeverría, Rafael)

670 ## - SOURCE DATA FOUND

  • Source citation: His La política educacional del gobierno militar, 1981:
  • Information found: t.p. (Rafael Echeverría) leaf 1 (R. Echeverría)

670 ## - SOURCE DATA FOUND

  • Source citation: Notas sobre el mundo empresarial hoy, 1993:
  • Information found: t.p. (Rafael Echeverría)

670 ## - SOURCE DATA FOUND

  • Source citation: Biblioteca del congreso (Estados Unidos), 17 septiembre 2020:
  • Information found: Catálogo electrónico
  • Uniform Resource Identifier: https://bit.ly/3kl9sLU